000 00537na a2200193 4500
001 19798
003 MIRAKIL
005 20181213154922.0
008 161227b tu 000 0
040 _aMilas
_btur
_cTR-AnCHP
041 _atur
082 _a327.561043
_bA86 2014
090 _a327.561043 A86 2014
245 _aAvrupa'da Türkiye
_bdeğişimin kaçınılmazlığı
246 _aDeğişimin kaçınılmazlığı
260 _a[y. y.]
_b[yayl. y.]
_c2014
650 _aAvrupa ve Türkiye
_xDeğişimler
942 _2dcc
_cBKS
999 _c3143
_d3143